| 000 | 02196cam a2200397 a 4500 | ||
|---|---|---|---|
| 999 |
_c234811 _d234811 |
||
| 001 | 15038976 | ||
| 003 | Nust | ||
| 005 | 20180607044833.0 | ||
| 008 | 071010t20082005nyu 000 1 eng | ||
| 010 | _a 2007042118 | ||
| 020 |
_a9780743259200 _cRs. 580 |
||
| 035 | _a(OCoLC)ocn174501478 | ||
| 035 | _a(OCoLC)174501478 | ||
| 038 | _aArshad | ||
| 040 |
_aDLC _cDLC _dIG# _dWAU _dBAKER _dYDXCP _dBTCTA _dABG _dDLC |
||
| 043 | _aa-ii--- | ||
| 050 | 0 | 0 |
_aPR9499.4.S56 _bA55 2008 |
| 082 | 0 | 0 |
_a823.92 _bSIN |
| 100 | 1 |
_aSinha, Indra. _911079 |
|
| 245 | 1 | 0 |
_aAnimal's people / _cIndra Sinha. |
| 250 | _a1st Simon & Schuster hardcover ed. | ||
| 260 |
_aNew York : _bSimon & Schuster, _c2008. |
||
| 300 |
_a374 p. ; _c25 cm. |
||
| 520 | _aEver since That Night, the residents of Khaufpur have lived a perilous existence. Their world is poisoned. Nobody has received compensation or help for the chemical leak, least of all Animal, as he is known, whose spine twisted at a young age, leaving him to walk on all fours. Though he inhabits a dark kind of half-life, he knows what love is. He has long harboured feelings for his friend Nisha but since she is enamoured of his friend Zafar he cannot even allow himself to hope. When Elli Barber arrives, an "Amrikan" keen to set up a free clinic to help the victims of the disaster, deep suspicion arises amongst the community. Animal resolves to turn the situation to his advantage and starts to investigate Elli's motives. | ||
| 650 | 0 |
_aBhopal Union Carbide Plant Disaster, Bhopal, India, 1984 _vFiction. _911080 |
|
| 650 | 0 |
_aAccident victims _vFiction. _911081 |
|
| 650 | 0 |
_aSlums _zIndia _vFiction. _911082 |
|
| 650 | 0 |
_aAmericans _zIndia _vFiction. _911083 |
|
| 651 | 0 |
_aIndia _xSocial conditions _y20th century _vFiction. _911084 |
|
| 655 | 7 |
_aHumorous fiction. _2gsafd _97683 |
|
| 856 | 4 | 2 |
_3Publisher description _uhttp://www.loc.gov/catdir/enhancements/fy0827/2007042118-d.html |
| 856 | 4 | 1 |
_3Sample text _uhttp://www.loc.gov/catdir/enhancements/fy0827/2007042118-s.html |
| 906 |
_a7 _bcbc _corignew _d1 _eecip _f20 _gy-gencatlg |
||
| 942 |
_2ddc _cBK |
||